<?xml version="1.0" encoding="UTF-8"?>
<record
    xmlns:xsi="http://www.w3.org/2001/XMLSchema-instance"
    xsi:schemaLocation="http://www.loc.gov/MARC21/slim http://www.loc.gov/standards/marcxml/schema/MARC21slim.xsd"
    xmlns="http://www.loc.gov/MARC21/slim">

  <leader>04307cam a22004694i 4500</leader>
  <controlfield tag="003">PE-LiUPU</controlfield>
  <controlfield tag="005">20250731165418.0</controlfield>
  <controlfield tag="008">151210s2013    pe a   grm    000 0 spa d</controlfield>
  <datafield tag="035" ind1=" " ind2=" ">
    <subfield code="a">(Sirsi) a155472</subfield>
  </datafield>
  <datafield tag="040" ind1=" " ind2=" ">
    <subfield code="a">PE-LiUPU</subfield>
    <subfield code="b">spa</subfield>
    <subfield code="c">PE-LiUPU</subfield>
    <subfield code="e">rda</subfield>
  </datafield>
  <datafield tag="082" ind1="0" ind2="4">
    <subfield code="a">222.13</subfield>
    <subfield code="b">A81 T3</subfield>
  </datafield>
  <datafield tag="099" ind1=" " ind2=" ">
    <subfield code="a">TT 3</subfield>
    <subfield code="b">A81 2013</subfield>
  </datafield>
  <datafield tag="100" ind1="1" ind2=" ">
    <subfield code="a">Asmat Ch&#xE1;vez, David Fernando</subfield>
    <subfield code="e">autor</subfield>
  </datafield>
  <datafield tag="245" ind1="1" ind2="3">
    <subfield code="a">Un estudio de la identidad y funci&#xF3;n del macho cabr&#xED;o para azazel en el ritual del d&#xED;a de la expiaci&#xF3;n en Lev&#xED;tico 16 /</subfield>
    <subfield code="c">David Fernando Asmat Ch&#xE1;vez.</subfield>
  </datafield>
  <datafield tag="264" ind1=" " ind2="0">
    <subfield code="c">2013.</subfield>
  </datafield>
  <datafield tag="300" ind1=" " ind2=" ">
    <subfield code="a">139 hojas </subfield>
    <subfield code="c">30 cm</subfield>
  </datafield>
  <datafield tag="336" ind1=" " ind2=" ">
    <subfield code="a">text</subfield>
    <subfield code="2">rdacontent</subfield>
  </datafield>
  <datafield tag="337" ind1=" " ind2=" ">
    <subfield code="a">unmediated</subfield>
    <subfield code="2">rdamedia</subfield>
  </datafield>
  <datafield tag="338" ind1=" " ind2=" ">
    <subfield code="a">volume</subfield>
    <subfield code="2">rdacarrier</subfield>
  </datafield>
  <datafield tag="502" ind1=" " ind2=" ">
    <subfield code="a">Tesis</subfield>
    <subfield code="b">(Mg.) -- </subfield>
    <subfield code="c">Universidad Peruana Uni&#xF3;n,</subfield>
    <subfield code="d">2013.</subfield>
  </datafield>
  <datafield tag="504" ind1=" " ind2=" ">
    <subfield code="a">Incluye referencias</subfield>
  </datafield>
  <datafield tag="520" ind1="3" ind2=" ">
    <subfield code="a">La metodolog&#xED;a empleada para determinar la identidad y funci&#xF3;n del macho cabr&#xED;o para Azazel en Lev&#xED;tico 16:8, 10, 26 contempl&#xF3; los elementos particulares de un texto ritual desde un enfoque social, pero dentro del proceso exeg&#xE9;tico del m&#xE9;todo hist&#xF3;rico gramatical. Se evalu&#xF3; adem&#xE1;s, la pr&#xE1;ctica del chivo expiatorio en culturas como la hitita y la babil&#xF3;nica evidenciando sus similitudes y diferencias. Asimismo, se hizo un examen a las interpretaciones m&#xE1;s reconocidas. Y por &#xFA;ltimo se present&#xF3; las propuestas conclusiones del caso, surgidas del an&#xE1;lisis textual. El prop&#xF3;sito de esta investigaci&#xF3;n es: identificar la funci&#xF3;n del macho cabr&#xED;o emisario y la identidad de Azazel, en el contexto ritual del santuario terrenal hebreo seg&#xFA;n Lev&#xED;tico 15. Los estudios b&#xED;blicos respecto a la imagen del macho cabr&#xED;o emisario y al t&#xE9;rmino Azazel en Lev&#xED;tico 16, han generado diversas interpretaciones. Algunos se han aventurado en la b&#xFA;squeda de la soluci&#xF3;n desde una perspectiva etimol&#xF3;gica, como lo propone Gaster, al se&#xF1;alar la existencia de la contracci&#xF3;n de dos palabras, las cuales generar&#xED;an el t&#xE9;rmino---- Describiendo la "caracter&#xED;stica" del animal como "un dios cabra" o "un dios fuerte", La interpretaci&#xF3;n midr&#xE1;shtica ha identificado a Azazel con un lugar "escarpado" o "rocoso" de nombre bet haddudu. Sin embargo, estas posturas se han visto confrontadas con la evidencia textual, donde Azazel es identificado como un ser personal que se contrapone a la persona de Yahv&#xE9;. Aunque esta es la postura m&#xE1;s aceptada por los estudiantes de la Biblia, los cr&#xED;ticos se han valido de ello para aseverar el paralelo que hay con las naciones circunvecinas del Antiguo Cercano Oriente, sobre todo con la hitita. Esta interpretaci&#xF3;n aunque procura describir la funci&#xF3;n del macho cabr&#xED;o emisario, ha llamado la atenci&#xF3;n a elementos adicionales implicados como la revelaci&#xF3;n e inspiraci&#xF3;n del texto b&#xED;blico. En tal sentido, los estudios de hititolog&#xED;a realizados, han confirmado ciertas similitudes pero tambi&#xE9;n han mostrado muchas diferencias entre ambas pr&#xE1;cticas. Por lo cual, considerar a Azazel como un ser personal se muestra como la postura m&#xE1;s probable. Un intento adicional en la interpretaci&#xF3;n de la identidad de Azazel como un ser personal ha sido encontrada en la literatura pseudoep&#xED;grafa del libro de 1 Enoc, donde Azazel es llamado Asael, identificado con un &#xE1;ngel rebelde que ha sido expulsado del cielo. Por otro lado Gane, Treiyer y Hasel, observan que la identidad del macho cabr&#xED;o emisario y la palabra Azazel act&#xFA;an como la ant&#xED;tesis a Yahv&#xE9;. Su argumento principal es se&#xF1;alar la funci&#xF3;n de la preposici&#xF3;n -- la cual puede ser traducida como "en lugar de ..." . Siendo as&#xED;, ambos machos cabr&#xED;os funcionar&#xED;an como figuras prol&#xE9;pticas, que van describiendo un evento tipol&#xF3;gico para el tiempo del fin.</subfield>
  </datafield>
  <datafield tag="526" ind1=" " ind2=" ">
    <subfield code="a">SEG44</subfield>
  </datafield>
  <datafield tag="526" ind1=" " ind2=" ">
    <subfield code="a">SEG26</subfield>
  </datafield>
  <datafield tag="526" ind1=" " ind2=" ">
    <subfield code="a">P151</subfield>
  </datafield>
  <datafield tag="526" ind1=" " ind2=" ">
    <subfield code="a">P150</subfield>
  </datafield>
  <datafield tag="526" ind1=" " ind2=" ">
    <subfield code="a">P149</subfield>
  </datafield>
  <datafield tag="526" ind1=" " ind2=" ">
    <subfield code="a">P146</subfield>
  </datafield>
  <datafield tag="526" ind1=" " ind2=" ">
    <subfield code="a">P145</subfield>
  </datafield>
  <datafield tag="526" ind1=" " ind2=" ">
    <subfield code="a">P126</subfield>
  </datafield>
  <datafield tag="526" ind1=" " ind2=" ">
    <subfield code="a">P125</subfield>
  </datafield>
  <datafield tag="526" ind1=" " ind2=" ">
    <subfield code="a">P92</subfield>
  </datafield>
  <datafield tag="526" ind1=" " ind2=" ">
    <subfield code="a">P75</subfield>
  </datafield>
  <datafield tag="526" ind1=" " ind2=" ">
    <subfield code="a">P74</subfield>
  </datafield>
  <datafield tag="526" ind1=" " ind2=" ">
    <subfield code="a">P27</subfield>
  </datafield>
  <datafield tag="526" ind1=" " ind2=" ">
    <subfield code="a">P15</subfield>
  </datafield>
  <datafield tag="650" ind1="0" ind2="4">
    <subfield code="a">Biblia</subfield>
    <subfield code="p">A.T.</subfield>
    <subfield code="p">Lev&#xED;tico 16</subfield>
    <subfield code="x">Comentarios</subfield>
    <subfield code="v">Tesis.</subfield>
  </datafield>
  <datafield tag="650" ind1="0" ind2="4">
    <subfield code="a">Expiaci&#xF3;n</subfield>
    <subfield code="x">Ense&#xF1;anza b&#xED;blica</subfield>
    <subfield code="v">Tesis.</subfield>
  </datafield>
  <datafield tag="596" ind1=" " ind2=" ">
    <subfield code="a">1</subfield>
  </datafield>
  <datafield tag="942" ind1=" " ind2=" ">
    <subfield code="2">ddc</subfield>
    <subfield code="c">TESIS</subfield>
  </datafield>
  <datafield tag="999" ind1=" " ind2=" ">
    <subfield code="a">TT 3 A81 2013</subfield>
    <subfield code="w">ALPHANUM</subfield>
    <subfield code="c">8150</subfield>
    <subfield code="i">T01382</subfield>
    <subfield code="d">8150</subfield>
    <subfield code="l">CCODEBUL3</subfield>
    <subfield code="m">BUL</subfield>
    <subfield code="q">2</subfield>
    <subfield code="r">1</subfield>
    <subfield code="s">Y</subfield>
    <subfield code="t">TESIS</subfield>
    <subfield code="u">2015-12-10</subfield>
    <subfield code="x">POSGRADO</subfield>
    <subfield code="P">P85</subfield>
    <subfield code="o">.STAFF. Tesis</subfield>
  </datafield>
  <datafield tag="980" ind1=" " ind2=" ">
    <subfield code="8">1</subfield>
    <subfield code="g">ALBERTO SANCHEZ Responsable de Automatizaci&#xF3;n</subfield>
  </datafield>
  <datafield tag="952" ind1=" " ind2=" ">
    <subfield code="r">2018-09-11 00:00:00</subfield>
    <subfield code="l">0</subfield>
    <subfield code="o">TT 3 A81 2013</subfield>
    <subfield code="p">T01382</subfield>
    <subfield code="t">e1</subfield>
    <subfield code="w">2015-12-10</subfield>
    <subfield code="x">PG</subfield>
    <subfield code="y">TESIS</subfield>
    <subfield code="z">Este &#xCD;tem NO se presta por ser Ejemplar #1.</subfield>
    <subfield code="1">0</subfield>
    <subfield code="2">ddc</subfield>
    <subfield code="7">1</subfield>
    <subfield code="8">TESIS</subfield>
    <subfield code="f">P85</subfield>
    <subfield code="a">BUL</subfield>
    <subfield code="b">BUL</subfield>
    <subfield code="c">TESIS</subfield>
    <subfield code="d">2015-12-10</subfield>
  </datafield>
</record>
